000 00383nam a2200157Ia 4500
003 Ost
005 20260225132555.0
008 260225s9999||||xx |||||||||||||| ||und||
040 _cfsic
041 _afre
082 _a440
100 _aJean-Bernard Marie
_eAuteur
245 0 _aLa Commission des droits de l'homme de l'O.N.U. /
245 0 _cJean-Bernard Marie
942 _cكتاب
999 _c34408
_d34408